The evening chorus

Bibliographic Details
Main Author: Humphreys, Helen
Format: Book
Published: London : Serpent's Tail , 2015
Subjects:

MARC

LEADER 00000cam a2200000 7i4500
001 0000194596
005 20150907.0
020 |a 9781781253021 
090 0 0 |a F   |b HUM 
100 1 |a Humphreys, Helen 
245 1 4 |a The evening chorus   |c Helen Humphreys 
260 |a London :   |b Serpent's Tail ,   |c 2015 
300 |a 294p. ;   |c 20cm. 
650 0 |a Fiction 
999 |a 00312383   |b BUKU   |c PINJAMAN   |e PERPUSTAKAAN KOMUNITI PETALING JAYA